Countries by founding date - Statistics

General Stats
  • This quiz has been taken 151 times
  • The average score is 73 of 196
Answers on the Map
Answers color-coded by a green-red scale on the quiz's map according to % correct below.
 
Answer Stats
Date Country % Correct
550 BC Iran I
90%
751 Oman O
75%
400 Japan J
73%
Sep 3, 301 San Marino S
69%
Jul 4, 1776 United States U
67%
987 France F
65%
1047 Denmark D
61%
788 Morocco M
59%
Jul 25, 1139 Portugal P
59%
May 1, 1707 United Kingdom U
59%
Jul 9, 2011 South Sudan S
57%
Jan 1, 1804 Haiti H
53%
895 Hungary H
53%
966 Poland P
53%
Jan 16, 1547 Russia R
53%
Jan 18, 1871 Germany G
51%
Aug 15, 1947 India I
51%
Jan 23, 1516 Spain S
51%
Jul 5, 1811 Venezuela V
51%
Aug 6, 1962 Jamaica J
49%
Aug 24, 1821 Mexico M
49%
Oct 24, 1964 Zambia Z
49%
Jan 1, 1901 Australia A
47%
Sep 7, 1822 Brazil B
47%
Aug 10, 1809 Ecuador E
47%
May 14, 1948 Israel I
47%
Dec 16, 1991 Kazakhstan K
47%
Oct 12, 1813 Paraguay P
47%
Jul 28, 1821 Peru P
47%
Apr 18, 1980 Zimbabwe Z
47%
Jan 4, 1831 Argentina A
45%
Jul 8, 1867 Canada C
45%
Feb 12, 1818 Chile C
45%
Aug 7, 1819 Colombia C
45%
May 17, 1861 Italy I
45%
May 25, 1946 Jordan J
45%
Feb 17, 2008 Kosovo K
45%
Jul 26, 1581 Netherlands N
45%
Sep 8, 1971 Qatar Q
45%
Sep 9, 1991 Tajikistan T
45%
Oct 27, 1991 Turkmenistan T
45%
Aug 27, 1828 Uruguay U
45%
Aug 31, 1991 Uzbekistan U
45%
Feb 11, 1929 Vatican City V
45%
May 22, 1990 Yemen Y
45%
Aug 6, 1825 Bolivia B
43%
Oct 1, 1949 China C
43%
1270 Ethiopia E
43%
Apr 18, 1839 Guatemala G
43%
Nov 5, 1838 Honduras H
43%
Aug 31, 1991 Kyrgyzstan K
43%
Aug 14, 1947 Pakistan P
43%
Jul 13, 1878 Romania R
43%
Jul 1, 1962 Rwanda R
43%
Jun 6, 1523 Sweden S
43%
Aug 1, 1291 Switzerland S
43%
1278 Andorra A
41%
802 Cambodia C
41%
925 Croatia C
41%
May 20, 2002 East Timor E
41%
Dec 1, 1918 Iceland I
41%
Dec 12, 1963 Kenya K
41%
Oct 1, 1994 Palau P
41%
Jan 22, 1918 Ukraine U
41%
Dec 2, 1971 United Arab Emirates U
41%
Jul 2, 1976 Vietnam V
41%
Aug 25, 1991 Belarus B
39%
Oct 4, 1830 Belgium B
39%
Feb 2, 1841 El Salvador E
39%
Apr 27, 1993 Eritrea E
39%
Feb 24, 1918 Estonia E
39%
Dec 6, 1917 Finland F
39%
Dec 6, 1922 Ireland I
39%
Feb 16, 1918 Lithuania L
39%
Sep 25, 1907 New Zealand N
39%
Nov 3, 1903 Panama P
39%
Jul 30, 1980 Vanuatu V
39%
May 28, 1918 Armenia A
37%
May 28, 1918 Azerbaijan A
37%
Feb 27, 1844 Dominican Republic D
37%
Dec 27, 1949 Indonesia I
37%
Nov 18, 1918 Latvia L
37%
Nov 22, 1943 Lebanon L
37%
Jul 26, 1847 Liberia L
37%
Jul 6, 1964 Malawi M
37%
Aug 27, 1991 Moldova M
37%
Sep 15, 1821 Nicaragua N
37%
Aug 3, 1960 Niger N
37%
Oct 1, 1960 Nigeria N
37%
Sep 9, 1948 North Korea N
37%
May 31, 1910 South Africa S
37%
Aug 15, 1948 South Korea S
37%
Nov 6, 1767 Thailand T
37%
Jul 3, 1962 Algeria A
35%
Sep 15, 1821 Costa Rica C
35%
Jun 30, 1960 D. R. Congo D
35%
Feb 28, 1922 Egypt E
35%
Nov 3, 1986 F. S. Micronesia F
35%
May 28, 1918 Georgia G
35%
Oct 2, 1958 Guinea G
35%
Aug 7, 1960 Ivory Coast I
35%
Jul 12, 1806 Liechtenstein L
35%
Mar 25, 1815 Luxembourg L
35%
1297 Monaco M
35%
1516 Montenegro M
35%
Jan 4, 1948 Myanmar M
35%
Feb 25, 1814 Norway N
35%
Jan 22, 1899 Philippines P
35%
1217 Serbia S
35%
Mar 1, 1962 Uganda U
35%
Jul 1747 Afghanistan A
33%
Nov 11, 1975 Angola A
33%
Aug 1, 1960 Benin B
33%
Feb 2, 1909 Cuba C
33%
Oct 8, 1993 Czechia C
33%
Jun 27, 1977 Djibouti D
33%
Jun 5, 1871 Fiji F
33%
Mar 6, 1957 Ghana G
33%
Mar 25, 1822 Greece G
33%
Oct 3, 1932 Iraq I
33%
1752 Kuwait K
33%
1117 Maldives M
33%
Jun 20, 1960 Mali M
33%
Aug 15, 1960 R. Congo R
33%
Jan 1, 1993 Slovakia S
33%
Jul 1, 1960 Somalia S
33%
Nov 28, 1912 Albania A
31%
Jul 16, 1920 Austria A
31%
Aug 15, 1971 Bahrain B
31%
Mar 1, 1992 Bosnia and Herzegovina B
31%
Aug 5, 1960 Burkina Faso B
31%
Oct 1, 1961 Cameroon C
31%
Aug 11, 1960 Chad C
31%
1745 Eswatini E
31%
Aug 17, 1960 Gabon G
31%
Feb 18, 1965 Gambia G
31%
Jul 12, 1979 Kiribati K
31%
Dec 24, 1951 Libya L
31%
Jun 26, 1960 Madagascar M
31%
Nov 28, 1960 Mauritania M
31%
Sep 8, 1991 North Macedonia N
31%
Sep 19, 1983 Saint Kitts and Nevis S
31%
Feb 22, 1979 Saint Lucia S
31%
Aug 20, 1960 Senegal S
31%
Apr 27, 1961 Sierra Leone S
31%
Jan 1, 1956 Sudan S
31%
Apr 17, 1946 Syria S
31%
Apr 27, 1960 Togo T
31%
Jul 24, 1923 Turkey T
31%
Dec 16, 1971 Bangladesh B
29%
1634 Bhutan B
29%
Oct 5, 1908 Bulgaria B
29%
1680 Burundi B
29%
Aug 13, 1960 Central African Republic C
29%
Nov 3, 1987 Dominica D
29%
May 26, 1966 Guyana G
29%
Mar 13, 1921 Mongolia M
29%
Mar 21, 1990 Namibia N
29%
Sep 25, 1768 Nepal N
29%
Oct 27, 1979 Saint Vincent and the Grenadines S
29%
Feb 4, 1948 Sri Lanka S
29%
Dec 9, 1961 Tanzania T
29%
Oct 1, 1978 Tuvalu T
29%
Nov 1, 1981 Antigua and Barbuda A
27%
Sep 30, 1966 Botswana B
27%
Oct 12, 1968 Equatorial Guinea E
27%
Oct 21, 1986 Marshall Islands M
27%
Jun 25, 1975 Mozambique M
27%
Sep 16, 1975 Papua New Guinea P
27%
Sep 23, 1932 Saudi Arabia S
27%
Jun 25, 1991 Slovenia S
27%
Nov 25, 1975 Suriname S
27%
1845 Tonga T
27%
Sep 21, 1981 Belize B
25%
1368 Brunei B
25%
Jul 6, 1975 Comoros C
25%
Oct 22, 1953 Laos L
25%
Jan 31, 1968 Nauru N
25%
Mar 20, 1956 Tunisia T
25%
Jul 10, 1973 Bahamas B
24%
Nov 30, 1966 Barbados B
24%
Jul 5, 1975 Cape Verde C
24%
Sep 24, 1973 Guinea Bissau G
24%
Aug 31, 1957 Malaysia M
24%
Mar 12, 1968 Mauritius M
24%
Jun 29, 1976 Seychelles S
24%
Aug 9, 1965 Singapore S
24%
Jul 7, 1978 Solomon Islands S
24%
Aug 31, 1964 Trinidad and Tobago T
24%
Sep 21, 1964 Malta M
22%
Jan 1, 1912 Taiwan T
22%
Aug 16, 1960 Cyprus C
20%
Feb 7, 1974 Grenada G
20%
1822 Lesotho L
20%
Jul 12, 1975 São Tomé and Príncipe S
20%
Jan 1, 1962 Samoa S
18%
No matching quizzes found
Score Distribution
Percent of People with Each Score
Percentile by Number Answered
Your Score History
You have not taken this quiz